Zlato.

Jednou z foriem investovania sú tzv. reálne investície (do určitého reálneho predmetu). Charakteristika investícií do umeleckých starožitností a zbierok a do drahých kovov - zlata, platiny a striebra - ktoré sú ustavične považované za internacionálne platidlo. Údaje o dlhodobom vývoji ceny zlata - o...

Descripción completa

Guardado en:
Detalles Bibliográficos
Formato: Capítulo de libro
Lenguaje:checo
Materias:
Etiquetas: Agregar Etiqueta
Sin Etiquetas, Sea el primero en etiquetar este registro!

MARC

LEADER 00000naa a2200000 4500
001 r007685
005 20220831084250.6
041 0 |a cze 
044 |a [CS] 
245 1 0 |a Zlato. 
520 |a Jednou z foriem investovania sú tzv. reálne investície (do určitého reálneho predmetu). Charakteristika investícií do umeleckých starožitností a zbierok a do drahých kovov - zlata, platiny a striebra - ktoré sú ustavične považované za internacionálne platidlo. Údaje o dlhodobom vývoji ceny zlata - od r. 1980 do 24.4.1992. Podliehanie zlata v ČSFR devízovému zákonu č. 528/1990. 
610 2 0 |a zlato 
610 2 0 |a ČSFR 
610 2 0 |a kovy drahé